000 00491nam a22001817a 4500
003 MPLRDC
005 20220104143733.0
008 210129b ||||| |||| 00| 0 eng d
082 _a827.5 RHS v.2
100 _a芮和师 等编
245 _a鸳鸯蝴蝶派文学资料. 下
_c
250 _a一版一刷
260 _a
_b福建人民
_c1984
300 _b
490 _a中国现代文学运动, 论争, 社团资料丛书
650 _a中国小说论
942 _cBK
_o827.5 RHS v.2
999 _c42855
_d42845